000 00565nam a22001817a 4500
999 _c11333
_d11333
003 AR-CdUCM
008 190403b ||||| |||| 00| 0 spa d
040 _aMUNICIPALIDAD PROVINCIAL DEL CUSCO
_cBIBLIOTECA MUNICIPAL DEL CUSCO
082 _24ed.
_a868.5 /
_bB38 / 1924
100 _aBenavente, Jacinto
_928650
245 _aLa noche del sábado :
_bnovela escénica en cinco cuadros /
260 _aMadrid :
_bSucesores de Hernando,
_c1924.
300 _a75 páginas ;
_c20 cm.
505 _aNovela.
650 _aNovela.
_95
942 _2ddc
_cLIBROS
945 _awfj